Administración de proyectos (Registro nro. 25409)

Detalles MARC
000 -ENCABEZADO
Número de control [NR] 00908nam a2200241Ia 4500
008 - DE LONGITUD FIJA DE DATOS DE ELEMENTOS - INFORMACIÓN GENERAL
Elementos de longitud fija [NR] 130821s xx gs mul
020 ## - NUMERO INTERNACIONAL NORMALIZADO PARA LIBROS [R]
Número Internacional Normalizado del libro [NR] 9706250123
040 ## - FUENTE DE CATALOGACION [NR]
Agencia de catalogación original [NR] Co-BoUCM
Idioma de catalogación [NR] spa
041 00 - CODIGO DE IDIOMA [R]
Código de idioma para texto/pista de sonido o título separado [R] Español
-- Inglés
-- Portugués
-- Francés
092 ## - SIGNATURA TOPOGRAFICA LOCAL
Número de clasificación local CV 0489
092 ## - SIGNATURA TOPOGRAFICA LOCAL
Número de clasificación local DVD 940
100 1# - ASIENTO PRINCIPAL--NOMBRE PERSONAL [NR]
Nombre personal [NR] Haynes, Marion E.
ID Autoridad 157225
245 10 - MENCION DE TITULO [NR]
Título [NR] Administración de proyectos
Mención de responsabilidad, etc. [NR] Marion E. Haynes
260 ## - PUBLICACION, DISTRIBUCION, ETC. (PIE DE IMPRENTA) [R]
Lugar de publicación, distribución, etc. [R] Grupo Editorial Iberoamerica
Nombre del editor, distribuidor, etc. [R] Mexico
Fecha de publicación, distribución, etc. [R] [fecha desconocida]
300 ## - DESCRIPCION FISICA [R]
Extensión [R] 1 videocasete vhs 26 min.
Material acompañante [NR] 1 DVD
500 ## - NOTA GENERAL [R]
Nota general [NR] Formas practicas de la administración de proyectos, pasos para el proyecto, definición ciclo de vida, planeación de calidad, tiempo y costos
650 04 - ASIENTO SECUNDARIO DE MATERIA - TERMINO TEMATICO [R]
9 (RLIN) 435
Término temático o nombre geográfico como elemento de entrada [NR] Administración de empresas
650 04 - ASIENTO SECUNDARIO DE MATERIA - TERMINO TEMATICO [R]
Término temático o nombre geográfico como elemento de entrada [NR] Elaboración de proyectos
9 (RLIN) 13951
650 04 - ASIENTO SECUNDARIO DE MATERIA - TERMINO TEMATICO [R]
Término temático o nombre geográfico como elemento de entrada [NR] Estudio de tiempos
9 (RLIN) 15176
650 04 - ASIENTO SECUNDARIO DE MATERIA - TERMINO TEMATICO [R]
Término temático o nombre geográfico como elemento de entrada [NR] Evaluación de proyectos
9 (RLIN) 15321
650 04 - ASIENTO SECUNDARIO DE MATERIA - TERMINO TEMATICO [R]
Término temático o nombre geográfico como elemento de entrada [NR] Proyectos de desarrollo
9 (RLIN) 22704
942 ## - ELEMENTOS DE ENTRADA AGREGADOS (KOHA)
Tipo de ítem principal el descrito en 300a Libro
Sistema de clasificación LOCAL
Tema principal Administración
Edición 1
Existencias
Fecha de último préstamo Total préstamos Signatura topográfica Código de barras Última vez visto Ejemplar Price effective from Tipo de ítem Perdido Sistema de clasificación Dañado No prestable Tipo de ítem específico Suprimido Ubicación habitual Ubicación actual Localización Fecha de creación Forma de adquisición Costo
26/03/2004 3 CV 0489 1998 100065660 31/07/2015 Ej.1 03/02/2013 Multimedia   DEWEY     Video   Bodega Bodega Préstamo 4 días después de solicitado 28/02/2003 Compra 371500.00
    CV 0489 1998 100065862 22/03/2023 Ej.3 03/02/2013 Libro   LOCAL     Folleto   Bodega Bodega Préstamo 4 días después de solicitado 28/02/2004 Compra 371500.00
18/05/2012   DVD 0940 100124296 09/12/2025 Ej.1 03/02/2013 Multimedia   LOCAL   Préstamo restringido DVD   Procesos Técnicos Procesos Técnicos (no para préstamo) Procesos Técnicos 28/02/2012 Donación 0.00